[Event "Recordando los clásicos"]
[Site "SchemingMind.com"]
[Date "2008.12.01"]
[Round "-"]
[White "aadaam"]
[Black "fouche"]
[Result "1-0"]
[WhiteCountry "INT"]
[BlackCountry "COL"]
[WhiteElo "1778"]
[WhiteRD "44"]
[BlackElo "1559"]
[BlackRD "63"]
[GameID "181048"]

1. e4 e5 2. f4 exf4 3. Nf3 Nc6 4. d4 d5 5. exd5 Nb8 6. Bxf4 Bd6 7. Bxd6 Qxd6 8. Bb5+ Bd7 9. Qe2+ Kf8 10. O-O Nf6
11. Nc3 a6 12. Bd3 Nxd5 13. Ne5 Nc6 14. Rxf7+ Kg8 15. Rxd7 Qh6 16. Rxd5 Re8 17. Rf1 Nxd4 18. Qf2
1-0

[Event "Recordando los clásicos"]
[Site "SchemingMind.com"]
[Date "2008.12.01"]
[Round "-"]
[White "fouche"]
[Black "aadaam"]
[Result "0-1"]
[WhiteCountry "COL"]
[BlackCountry "INT"]
[WhiteElo "1559"]
[WhiteRD "63"]
[BlackElo "1778"]
[BlackRD "44"]
[GameID "181049"]

1. e4 e5 2. f4 exf4 3. Bc4 d5 4. exd5 Qh4+ 5. Kf1 Bd6 6. Nf3 Qh6 7. d4 Bg4 8. Nc3 Nd7 9. Bd2 O-O-O 10. h3 Bh5
11. Be2 Ne7 12. Qc1 g5 13. Nb5 Nxd5 14. Nxa7+ Kb8 15. Nb5 N7f6 16. c4 Ne4 17. Rg1 Ng3+ 18. Kf2 Nxe2 19. Kxe2 Rhe8+ 20. Kf2 Ne3
21. c5 Bf8 22. a4 Bxf3 23. Kxf3 Qh5+ 24. Kf2 Nc2
0-1

[Event "Recordando los clásicos"]
[Site "SchemingMind.com"]
[Date "2008.12.06"]
[Round "-"]
[White "TONYTODD11"]
[Black "fouche"]
[Result "1-0"]
[WhiteCountry "ENG"]
[BlackCountry "COL"]
[WhiteElo "1496"]
[WhiteRD "71"]
[BlackElo "1558"]
[BlackRD "58"]
[GameID "181935"]

1. e4 e5 2. f4 exf4 3. Nf3 d5 4. d4 Nf6 5. exd5 Bd6 6. Nc3 Bg4 7. Be2 O-O 8. O-O Nbd7 9. Nh4 Bxe2 10. Qxe2 Re8
11. Qf3 Nb6 12. Bxf4 Bxf4 13. Qxf4 Nbxd5 14. Nxd5 Qxd5 15. Nf5 Re6 16. Qg3 Ne8 17. Rf4 g6 18. Qg5 Rd8 19. Ne7+ Rxe7 20. Qxe7 Ng7
21. Raf1 Rf8 22. h4 Nf5 23. Qf6 Qd6 24. Qg5 Nxd4 25. Rf6 Ne2+ 26. Kf2 Qe7 27. Kf3 Nd4+ 28. Kg3 c5 29. h5 Qc7+ 30. Kh3 Qd7+
31. Kh2 Qc7+ 32. Kh1 Nxc2 33. Qd2 Nd4 34. Qc3 b6 35. h6 Qe5 36. Qh3 Qg5 37. Qd7 Qxh6+ 38. Kg1 Qe3+ 39. Kh2 Ne2 40. R6f3 Qh6+
41. Rh3 Qf4+ 42. Rxf4
1-0

[Event "Recordando los clásicos"]
[Site "SchemingMind.com"]
[Date "2008.12.05"]
[Round "-"]
[White "TONYTODD11"]
[Black "aadaam"]
[Result "1-0"]
[WhiteCountry "ENG"]
[BlackCountry "INT"]
[WhiteElo "1490"]
[WhiteRD "75"]
[BlackElo "1778"]
[BlackRD "44"]
[GameID "181936"]

1. e4 e5 2. f4 exf4 3. Nf3 d5 4. d3 dxe4 5. Qe2 e3 6. g3 g5 7. b3 Bg7 8. c3 Ne7 9. d4 O-O 10. Nxg5 Nf5
11. h4 Nxg3 12. Qd3 Bf5 13. Qb5 Nxh1 14. Qxf5 Re8 15. Ba3
1-0

[Event "Recordando los clásicos"]
[Site "SchemingMind.com"]
[Date "2008.12.05"]
[Round "-"]
[White "fouche"]
[Black "TONYTODD11"]
[Result "1-0"]
[WhiteCountry "COL"]
[BlackCountry "ENG"]
[WhiteElo "1559"]
[WhiteRD "63"]
[BlackElo "1490"]
[BlackRD "75"]
[GameID "181937"]

1. e4 e5 2. f4 exf4 3. Bc4 Qh4+ 4. Kf1 Bc5 5. d4 Bd6 6. Nf3 Qh5 7. e5 Be7 8. Bxf4 d6 9. Nc3 c6 10. exd6 Bf6
11. Qe2+ Kf8 12. Re1 Bd7 13. Ne4 Qg4 14. Be5 Na6 15. Nxf6 gxf6 16. Bxf6 Nxf6 17. Qe7+ Kg7 18. Qxf7+ Kh6 19. Qxf6+ Qg6 20. Qh4+ Qh5
21. Qf4+ Kg6 22. Nh4+
1-0

[Event "Recordando los clásicos"]
[Site "SchemingMind.com"]
[Date "2008.12.04"]
[Round "-"]
[White "aadaam"]
[Black "TONYTODD11"]
[Result "1-0"]
[WhiteCountry "INT"]
[BlackCountry "ENG"]
[WhiteElo "1778"]
[WhiteRD "44"]
[BlackElo "1490"]
[BlackRD "75"]
[GameID "181938"]

1. e4 e5 2. f4 d6 3. Nf3 Bg4 4. h3 Bh5 5. Bc4 Nf6 6. d3 g6 7. g4 Nxg4 8. hxg4 Bxg4 9. fxe5 dxe5 10. Bxf7+ Kxf7
11. Nxe5+ Ke8 12. Qxg4 Qf6 13. Qc8+ Qd8 14. Qxb7 Nd7 15. Nxd7 Kxd7 16. Qd5+ Ke8 17. Qe5+ Qe7 18. Qxh8 Kd7 19. Rxh7 Qxh7 20. Qxh7+ Kc6
21. Qxg6+
1-0

[Event "Recordando los clásicos"]
[Site "SchemingMind.com"]
[Date "2008.12.06"]
[Round "-"]
[White "ilhado"]
[Black "TONYTODD11"]
[Result "1-0"]
[WhiteCountry "BRA"]
[BlackCountry "ENG"]
[WhiteElo "1719"]
[WhiteRD "76"]
[BlackElo "1496"]
[BlackRD "71"]
[GameID "182073"]

1. e4 e5 2. f4 Qh4+ 3. g3 Qh6 4. d4 Nf6 5. fxe5 Qg6 6. Bd3 Nxe4 7. Qf3 Ng5 8. Qe2 Qc6 9. Bxg5 Qa4 10. c3 Nc6
11. Nf3 b6 12. O-O Be7 13. Bxe7 Nxe7 14. Ng5 Bb7 15. Be4 Nd5 16. Nd2 h6 17. Nxf7 Rf8 18. Qh5
1-0

[Event "Recordando los clásicos"]
[Site "SchemingMind.com"]
[Date "2008.12.09"]
[Round "-"]
[White "ilhado"]
[Black "fouche"]
[Result "1-0"]
[WhiteCountry "BRA"]
[BlackCountry "COL"]
[WhiteElo "1768"]
[WhiteRD "78"]
[BlackElo "1571"]
[BlackRD "53"]
[GameID "182074"]

1. e4 e5 2. f4 exf4 3. Nf3 d5 4. exd5 Bd6 5. d4 Ne7 6. c4 b6 7. Bd3 Ng6 8. Qc2 O-O 9. O-O Qf6 10. Nc3 Bg4
11. Ne4 Qd8 12. c5 bxc5 13. dxc5 Bxf3 14. Rxf3 Be5 15. d6 Nd7 16. Bd2 cxd6 17. cxd6 Qb6+ 18. Kh1 Bxd6 19. Nxd6 Qxd6 20. a3 Rac8
21. Qd1 Rfe8 22. Bxg6 hxg6 23. Bxf4 Qxd1+ 24. Rxd1 Nf6 25. h3 Rc2 26. Rd2 Re2 27. Rxc2 Rxc2 28. Be5 a5 29. a4 Nd5 30. Rd3 Nb4
31. Rb3 Rc4 32. Bc3 f6 33. Bxb4 axb4 34. Kg1 Kf7 35. a5 Rc5 36. Rxb4 Rxa5 37. Rb7+ Ke6 38. b4 Ra1+ 39. Kh2 Rb1 40. Rxg7 Rxb4
41. Rxg6 Kf5 42. Rg8 Rb2 43. h4 Ra2 44. h5 Rb2 45. h6 Rb4 46. Kh3 Rb1 47. Kh2 Rb4 48. g3 Rb2+ 49. Kg1 Rb1+ 50. Kf2 Rh1
51. g4+ Kf4 52. Rg6 Rh2+ 53. Ke1 Ke3 54. Kf1 Kf3 55. Kg1 Kg3 56. g5 f5 57. Rf6 Ra2 58. Rxf5 Ra1+ 59. Rf1 Ra5 60. Rf2 Ra1+
61. Rf1 Ra5 62. Rf7 Rxg5 63. Rg7
1-0

[Event "Recordando los clásicos"]
[Site "SchemingMind.com"]
[Date "2008.12.06"]
[Round "-"]
[White "ilhado"]
[Black "aadaam"]
[Result "1-0"]
[WhiteCountry "BRA"]
[BlackCountry "INT"]
[WhiteElo "1783"]
[WhiteRD "82"]
[BlackElo "1778"]
[BlackRD "44"]
[GameID "182075"]

1. e4 e5 2. f4 exf4 3. Nf3 d5 4. exd5 Nf6 5. Bc4 Nxd5 6. O-O g5 7. d4 Bg7 8. Bxd5 Qxd5 9. Nc3 Qf5 10. Re1+ Kf8
11. Ne5 f6 12. Nf3 h5 13. b3 b6 14. d5 h4 15. Ba3+ Kf7 16. Re7+ Kg6 17. Nd4 Qd7 18. Rxd7 Nxd7 19. Qd3+
1-0

[Event "Recordando los clásicos"]
[Site "SchemingMind.com"]
[Date "2008.12.09"]
[Round "-"]
[White "fouche"]
[Black "ilhado"]
[Result "1-0"]
[WhiteCountry "COL"]
[BlackCountry "BRA"]
[WhiteElo "1558"]
[WhiteRD "58"]
[BlackElo "1719"]
[BlackRD "76"]
[GameID "182077"]

1. e4 e5 2. f4 d5 3. exd5 exf4 4. Nf3 Bd6 5. d4 Bg4 6. c4 Qe7+ 7. Be2 Bxf3 8. gxf3 Qh4+ 9. Kf1 Nf6 10. Nc3 b6
11. Qe1 Qh3+ 12. Kg1 O-O 13. Qf1 Qxf1+ 14. Kxf1 a6 15. Rg1 Nbd7 16. Ne4 Rfe8 17. Nxd6 cxd6 18. Bxf4 Rac8 19. Bxd6 a5 20. Kf2 Nf8
21. Rac1 Ng6 22. b3 Red8 23. Be5 Nxe5 24. dxe5 Nh5 25. Rg4 f5 26. Rg5 g6 27. Ke3 Kf7 28. f4 Ng7 29. h4 Rc7 30. h5 Nxh5
31. Bxh5 gxh5 32. Rxh5
1-0

[Event "Recordando los clásicos"]
[Site "SchemingMind.com"]
[Date "2008.12.05"]
[Round "-"]
[White "aadaam"]
[Black "ilhado"]
[Result "1/2-1/2"]
[WhiteCountry "INT"]
[BlackCountry "BRA"]
[WhiteElo "1753"]
[WhiteRD "46"]
[BlackElo "1723"]
[BlackRD "78"]
[GameID "182078"]

1. e4 e5 2. f4 d6 3. Nf3 exf4 4. d4 g5 5. Nc3 g4 6. Bxf4 gxf3 7. Qxf3 Nc6 8. O-O-O Bd7 9. Bc4 Nh6 10. Rhf1 Bg4
11. Qg3 Qd7 12. Rd2 O-O-O 13. h3 Rg8 14. hxg4 Nxg4 15. Qh3 Nf6 16. Bxf7 Qxh3 17. gxh3 Rg7 18. Be6+ Kb8 19. d5 Nb4 20. a3 Na6
21. Bh6 Rg6 22. Bxf8 Rxf8 23. Rdf2 Nc5 24. Bf5 Rh6 25. Bxh7 Rxh7 26. Rxf6 Rxf6 27. Rxf6 a6 28. Rf3 b5 29. Kd2 Nd7 30. b3 Ne5
31. Re3 Rh4 32. Ne2 Kb7 33. Nd4 Kb6 34. Kc3 a5 35. Nf5 Rh7 36. Rg3 Kc5 37. b4+ axb4+ 38. axb4+ Kb6 39. h4 Rh8 40. Kd4 Rh5
41. c3 Rh7 42. Rh3 Rh5 43. Ne3 c6 44. c4 c5+ 45. Kc3 cxb4+ 46. Kxb4 Nd3+ 47. Kb3 Nc5+ 48. Kb4 Nxe4 49. cxb5 Nc5 50. Nc4+ Kc7
51. b6+ Kb8 52. Nxd6 Rxd5 53. Nc4 Na6+ 54. Kc3 Rh5 55. Kd4 Kb7 56. Nd6+ Kxb6 57. Ne4 Nc7 58. Ng5 Kc6 59. Ke4 Kd6 60. Kf4 Ke7
61. Kg4 Rh6 62. h5 Kf6 63. Ne4+ Kg7 64. Ra3 Re6 65. Ng5 Rc6 66. Ra7=
1/2-1/2

[Event "Recordando los clásicos"]
[Site "SchemingMind.com"]
[Date "2008.12.06"]
[Round "-"]
[White "slotheman"]
[Black "ilhado"]
[Result "1-0"]
[WhiteCountry "USA"]
[BlackCountry "BRA"]
[WhiteElo "1679"]
[WhiteRD "80"]
[BlackElo "1723"]
[BlackRD "78"]
[GameID "182096"]

1. e4 e5 2. f4 d5 3. exd5 exf4 4. Nf3 Nf6 5. c4 c5 6. dxc6 Nxc6 7. d4 Bb4+ 8. Nc3 O-O 9. d5 Qe7+ 10. Be2 Rd8
11. O-O Bc5+ 12. Kh1 Ne4 13. Nxe4 Qxe4 14. Ng5 Qg6 15. Bxf4 Bf5 16. Bh5 Qf6 17. Bxf7+ Kh8 18. Qh5 Rf8 19. dxc6 bxc6 20. Rae1 Bd6
21. Re6
1-0

[Event "Recordando los clásicos"]
[Site "SchemingMind.com"]
[Date "2008.12.06"]
[Round "-"]
[White "slotheman"]
[Black "TONYTODD11"]
[Result "1-0"]
[WhiteCountry "USA"]
[BlackCountry "ENG"]
[WhiteElo "1680"]
[WhiteRD "83"]
[BlackElo "1496"]
[BlackRD "71"]
[GameID "182097"]

1. e4 e5 2. f4 Qh4+ 3. g3 Qh6 4. f5 Qc6 5. Nc3 d6 6. Bb5 Nf6 7. Bxc6+ Nxc6 8. d3 b6 9. Nb5 Kd8 10. Bd2 Bd7
11. Nf3 d5 12. exd5 Bc5 13. dxc6 Bxc6 14. Nc3 Ng4 15. Rf1 Be3 16. Qe2 e4 17. dxe4 Bc5 18. h3 Nf6 19. O-O-O Re8 20. e5 a6
21. Qc4 Nd5 22. Nxd5 Bb5 23. Qh4+ Kc8 24. f6
1-0

[Event "Recordando los clásicos"]
[Site "SchemingMind.com"]
[Date "2008.12.09"]
[Round "-"]
[White "slotheman"]
[Black "fouche"]
[Result "0-1"]
[WhiteCountry "USA"]
[BlackCountry "COL"]
[WhiteElo "1675"]
[WhiteRD "85"]
[BlackElo "1559"]
[BlackRD "63"]
[GameID "182098"]

1. e4 e5 2. f4 exf4 3. Kf2 d5 4. Ne2 Bd6 5. d4 Qh4+ 6. g3 fxg3+ 7. Kg2 Qxe4+ 8. Kg1 gxh2+ 9. Kf2 Qh4+ 10. Ke3 Qe4+
11. Kf2 Qxh1 12. Ng3 Bxg3+ 13. Kxg3 Qg1+ 14. Kf4 h1=Q 15. Bb5+ c6 16. Qe2+ Kd8 17. Ke5 Nd7+
0-1

[Event "Recordando los clásicos"]
[Site "SchemingMind.com"]
[Date "2008.12.06"]
[Round "-"]
[White "slotheman"]
[Black "aadaam"]
[Result "0-1"]
[WhiteCountry "USA"]
[BlackCountry "INT"]
[WhiteElo "1679"]
[WhiteRD "80"]
[BlackElo "1753"]
[BlackRD "46"]
[GameID "182099"]

1. e4 e5 2. f4 exf4 3. Nf3 d5 4. exd5 Nf6 5. c4 Bd6 6. Qe2+ Qe7 7. d4 c5 8. dxc5 Bxc5 9. Qxe7+ Kxe7 10. Bxf4 Re8
11. Nc3 Kf8+ 12. Be2 Ng4 13. Nd1 Bf5 14. Kd2 Na6 15. Nh4 Bd7 16. Bxg4 Bxg4 17. Ne3 Bd7 18. Nef5 Re4 19. g3 Rxc4 20. Rac1 Rxc1
21. Kxc1 Nb4 22. d6 Nd3+ 23. Kb1 Nxf4 24. gxf4 g6 25. Rc1 Rc8 26. Ng3 Bxd6 27. f5 Rxc1+ 28. Kxc1 Bxg3 29. hxg3 Bxf5 30. Nxf5 gxf5
31. Kd2 Ke7 32. Ke3 Ke6 33. Kf4 f6 34. b3 b5 35. a4 bxa4 36. bxa4 a5 37. Kf3 Ke5 38. g4 fxg4+ 39. Kxg4 Ke4 40. Kg3 f5
41. Kf2 f4 42. Ke2 f3+ 43. Kf2 h5 44. Kg3 Ke3 45. Kh3 f2 46. Kg2 Ke2 47. Kh2 f1=Q
0-1

[Event "Recordando los clásicos"]
[Site "SchemingMind.com"]
[Date "2008.12.06"]
[Round "-"]
[White "ilhado"]
[Black "slotheman"]
[Result "1-0"]
[WhiteCountry "BRA"]
[BlackCountry "USA"]
[WhiteElo "1782"]
[WhiteRD "83"]
[BlackElo "1674"]
[BlackRD "78"]
[GameID "182100"]

1. e4 e5 2. f4 d5 3. exd5 c6 4. Nc3 cxd5 5. d4 e4 6. Be3 Nf6 7. Bb5+ Nc6 8. Nge2 Be6 9. Qd2 Be7 10. h3 O-O
11. O-O-O a6 12. Bxc6 bxc6 13. Na4 Qc7 14. g4 Rfb8 15. f5 Bd7 16. Nc5 Bxc5 17. dxc5 a5 18. Bf4 Qb7 19. Bxb8 Rxb8 20. b3 a4
21. Qd4 axb3 22. cxb3 Qa6 23. Nc3 Re8 24. Rhe1 Bc8 25. Na4 Bd7 26. Re3 Qa5 27. Rg1 Qc7 28. Nb6 Qf4 29. Re1 Bc8 30. a4 Ba6
31. Rd1 Bd3 32. Nd7 Nxd7 33. Rxd3 Qf1+ 34. Rd1 Qa6 35. g5 Qa5 36. h4 Nxc5 37. b4 Qxa4 38. Qxc5 Rb8 39. Qd6 h6 40. Qxb8+ Kh7
41. Qb7 Qa1+ 42. Kd2 Qb2+ 43. Ke1 Qh2 44. g6+ fxg6 45. fxg6+ Kxg6 46. Qxc6+ Kh5 47. Rxd5+ Kxh4 48. Rxe4+ Kg3 49. Rd3+ Kg2 50. Re2+ Kg1
51. Qc5+ Qf2+ 52. Qxf2+ Kh1 53. Qg2#
1-0

[Event "Recordando los clásicos"]
[Site "SchemingMind.com"]
[Date "2008.12.06"]
[Round "-"]
[White "TONYTODD11"]
[Black "slotheman"]
[Result "0-1"]
[WhiteCountry "ENG"]
[BlackCountry "USA"]
[WhiteElo "1496"]
[WhiteRD "71"]
[BlackElo "1680"]
[BlackRD "83"]
[GameID "182101"]

1. e4 e5 2. f4 Bc5 3. Nf3 d6 4. h3 Nf6 5. d3 Nc6 6. d4 Nxd4 7. c3 Nc6 8. Bc4 O-O 9. f5 Nxe4 10. Rf1 h6
11. Qd5 Ng3 12. Nxe5 Nxe5 13. b4 Nxf1 14. bxc5 Ng3 15. Na3 Bxf5 16. Be3 Ne4 17. g4 Qh4+ 18. Kd1 Nxc3+
0-1

[Event "Recordando los clásicos"]
[Site "SchemingMind.com"]
[Date "2008.12.09"]
[Round "-"]
[White "fouche"]
[Black "slotheman"]
[Result "0-1"]
[WhiteCountry "COL"]
[BlackCountry "USA"]
[WhiteElo "1525"]
[WhiteRD "51"]
[BlackElo "1679"]
[BlackRD "80"]
[GameID "182102"]

1. e4 e5 2. f4 exf4 3. Bc4 c6 4. Nf3 d5 5. exd5 cxd5 6. Bb5+ Nc6 7. O-O Bd6 8. d4 h6 9. Nc3 Ne7 10. Re1 O-O
11. Bd2 Be6 12. Bxc6 bxc6 13. Ne5 Qb6 14. Bxf4 Qxb2 15. Qd2 Qb7 16. Rab1 Qa6 17. Nd3 Nf5 18. Bxd6 Nxd6 19. Nc5 Nc4 20. Nxa6 Nxd2
21. Rb7 Bf5 22. Re2 Nc4 23. Nb4 Na5 24. Rc7 Rfc8 25. Ree7 Kf8 26. Rxf7+ Kg8 27. Rxg7+ Kh8 28. Rxa7 Rab8 29. a3 Rg8 30. Rxg8+ Rxg8
31. Rxa5 Bh3 32. g3 Rf8 33. Ra8 Rxa8 34. Kf2 Rxa3 35. Ne2 Bf5 36. Nxc6 Bxc2 37. Ne7 Be4 38. Nf4 Ra4 39. Nfxd5 Rxd4 40. Ke3 Rxd5
41. Kxe4 Rd7 42. Ng6+ Kg7 43. Nf4 Kf6 44. Kf3 Kf5 45. g4+ Ke5 46. h4 Rf7
0-1

[Event "Recordando los clásicos"]
[Site "SchemingMind.com"]
[Date "2008.12.06"]
[Round "-"]
[White "aadaam"]
[Black "slotheman"]
[Result "1-0"]
[WhiteCountry "INT"]
[BlackCountry "USA"]
[WhiteElo "1768"]
[WhiteRD "44"]
[BlackElo "1680"]
[BlackRD "83"]
[GameID "182103"]

1. e4 e5 2. f4 d5 3. Nf3 dxe4 4. Nxe5 Nd7 5. d4 Nxe5 6. fxe5 Ne7 7. Bb5+ Nc6 8. O-O g6 9. Nc3 Bf5 10. g4 Bxg4
11. Qxg4 Qxd4+ 12. Kg2 Qxe5 13. Qxe4 Qxe4+ 14. Nxe4 Bg7 15. c3 O-O 16. Bf4 Ne5 17. Rad1 c6 18. Bxe5 Bxe5 19. Bd3 Rad8 20. Bc4 Rxd1
21. Rxd1 Kg7 22. Rd7 b5 23. Bb3 a5 24. Nd6 Bxd6 25. Rxd6 a4 26. Bd1 c5 27. Rd5 Rc8 28. c4 bxc4 29. Bxa4 Ra8 30. b3 cxb3
31. Bxb3 Rc8 32. Bc4 h6 33. Rd7 Rf8 34. Rc7 g5 35. Rxc5 f5 36. a4 f4 37. Be2 Ra8 38. a5 Ra6 39. Kf3 Re6 40. Bd1 h5
41. Rxg5+
1-0

[Event "Recordando los clásicos"]
[Site "SchemingMind.com"]
[Date "2008.12.07"]
[Round "-"]
[White "janez"]
[Black "ilhado"]
[Result "0-1"]
[WhiteCountry "SLO"]
[BlackCountry "BRA"]
[WhiteElo "1582"]
[WhiteRD "67"]
[BlackElo "1768"]
[BlackRD "78"]
[GameID "182231"]

1. e4 e5 2. f4 exf4 3. Nf3 Nc6 4. d4 d5 5. e5 Bg4 6. Bxf4 Qd7 7. h3 Bxf3 8. gxf3 O-O-O 9. h4 f5 10. h5 h6
11. Qd3 Bb4+ 12. c3 Be7 13. Bh3 Rf8 14. Nd2 Kb8 15. O-O-O Qe6 16. Nf1 g5 17. Bd2 Bd8 18. Ne3 Nce7 19. Nc2 g4 20. Bg2 Nc8
21. Rdf1 Bg5 22. f4 Bd8 23. Qb5 c6 24. Qb4 Nge7 25. Re1 Nb6 26. Qd6+ Qxd6 27. exd6 Ng8 28. Re6 Nd7 29. Rhe1 Ngf6 30. Rh1 Re8
31. Rxe8 Rxe8 32. Ne3 Rxe3 33. Bxe3 Ne8 34. Bf2 Ng7 35. Be3 Kc8 36. Kd2 Nf8 37. Kd3 Kd7 38. c4 Kxd6 39. c5+ Kd7 40. b4 a6
0-1

[Event "Recordando los clásicos"]
[Site "SchemingMind.com"]
[Date "2008.12.07"]
[Round "-"]
[White "janez"]
[Black "TONYTODD11"]
[Result "1-0"]
[WhiteCountry "SLO"]
[BlackCountry "ENG"]
[WhiteElo "1636"]
[WhiteRD "74"]
[BlackElo "1542"]
[BlackRD "70"]
[GameID "182232"]

1. e4 e5 2. f4 exf4 3. Nf3 d5 4. exd5 Qxd5 5. Nc3 Qe6+ 6. Ne2 Bc5 7. d4 Be7 8. Bxf4 Bd6 9. Bxd6 cxd6 10. Qd3 b6
11. O-O-O Ba6 12. Qb3 Bc4 13. Qc3 Qh6+ 14. Kb1 Qe6 15. Nf4 Bxa2+ 16. Ka1 Qg4 17. Qc7 Ne7 18. Bb5+ Nd7 19. Kxa2 Rd8 20. Qxd6 O-O
21. h3 Qf5 22. Bxd7 Rxd7 23. Qe5 Qxc2 24. Ne6 Qc4+ 25. b3 Qc2+ 26. Ka3 Nf5 27. Nxf8 Re7 28. Qb8
1-0

[Event "Recordando los clásicos"]
[Site "SchemingMind.com"]
[Date "2008.12.11"]
[Round "-"]
[White "janez"]
[Black "fouche"]
[Result "0-1"]
[WhiteCountry "SLO"]
[BlackCountry "COL"]
[WhiteElo "1582"]
[WhiteRD "67"]
[BlackElo "1571"]
[BlackRD "53"]
[GameID "182233"]

1. e4 e5 2. f4 exf4 3. Nf3 d5 4. exd5 Bd6 5. Nc3 Ne7 6. d4 Ng6 7. Qe2+ Qe7 8. Qxe7+ Kxe7 9. Bd2 Re8 10. O-O-O a6
11. Ne4 Kd7 12. Nxd6 Kxd6 13. c4 b6 14. Ng5 Bg4 15. Re1 Rxe1+ 16. Bxe1 f6 17. Nxh7 Nd7 18. Bd3 Ne7 19. Bb4+ c5 20. dxc5+ Nxc5
21. Re1 a5 22. Bxc5+ bxc5 23. Rf1 Bf5 24. Bxf5 Nxf5 25. Rxf4 Nd4 26. Kd2 Rh8 27. Rh4 Re8 28. Kc3 Re3+ 29. Kd2 Re2+ 30. Kc3 Rxg2
31. Rh3 Rc2+ 32. Kd3 Rxb2 33. Ke4 Rxa2 34. Nf8 Re2+ 35. Kf4 Rc2 36. Rh7 Rxc4 37. Ng6 a4 38. Rh3 Rb4 39. Ra3 Nc2+ 40. Kf5 Nxa3
41. h4 Nc2 42. Nf4 Ne3+
0-1

[Event "Recordando los clásicos"]
[Site "SchemingMind.com"]
[Date "2008.12.07"]
[Round "-"]
[White "janez"]
[Black "slotheman"]
[Result "1-0"]
[WhiteCountry "SLO"]
[BlackCountry "USA"]
[WhiteElo "1595"]
[WhiteRD "71"]
[BlackElo "1674"]
[BlackRD "78"]
[GameID "182234"]

1. e4 e5 2. f4 d5 3. d3 Nf6 4. fxe5 Ng4 5. Bf4 Nc6 6. exd5 Qxd5 7. Nc3 Qe6 8. d4 f6 9. Nf3 fxe5 10. dxe5 Ncxe5
11. Nxe5 Nxe5 12. Qe2 Bd6 13. Bg3 O-O 14. O-O-O b6 15. Qe4 Bd7 16. Bxe5 Bxe5 17. Bc4 Bf4+ 18. Kb1 Rae8 19. Bxe6+ Rxe6 20. Qd5 Bc8
21. Rhe1 Re8 22. Rxe6 Bxe6 23. Qc6 Re7 24. Nd5 Bxd5 25. Qxd5+ Kf8 26. Qf5+ Rf7 27. Rd8+ Ke7 28. Rd7+ Ke8 29. Qxf7#
1-0

[Event "Recordando los clásicos"]
[Site "SchemingMind.com"]
[Date "2008.12.07"]
[Round "-"]
[White "janez"]
[Black "aadaam"]
[Result "0-1"]
[WhiteCountry "SLO"]
[BlackCountry "INT"]
[WhiteElo "1677"]
[WhiteRD "76"]
[BlackElo "1768"]
[BlackRD "44"]
[GameID "182235"]

1. e4 e5 2. f4 exf4 3. Nf3 d5 4. exd5 Nf6 5. Bc4 Nxd5 6. O-O Be6 7. Ng5 Qxg5 8. Qf3 Bc5+ 9. Kh1 c6 10. c3 O-O
11. d4 Bd6 12. Bb3 Nd7 13. Nd2 Ne3 14. Ne4 Qe7 15. Bxe3 fxe3 16. Qxe3 Bxb3 17. axb3 f5 18. c4 fxe4 19. Rfe1 Nf6 20. c5 Bxh2
21. b4 Ng4 22. Qxe4 Nf2+ 23. Kxh2 Nxe4 24. Re2 Qh4+ 25. Kg1 Ng3
0-1

[Event "Recordando los clásicos"]
[Site "SchemingMind.com"]
[Date "2008.12.08"]
[Round "-"]
[White "ilhado"]
[Black "janez"]
[Result "1-0"]
[WhiteCountry "BRA"]
[BlackCountry "SLO"]
[WhiteElo "1768"]
[WhiteRD "78"]
[BlackElo "1582"]
[BlackRD "67"]
[GameID "182236"]

1. e4 e5 2. f4 exf4 3. Nf3 g5 4. Bc4 g4 5. Ne5 Qh4+ 6. Kf1 Nh6 7. d4 g3 8. Nc3 Rg8 9. Qf3 d6 10. Nd3 Ng4
11. Qxf4 Nxh2+ 12. Ke2 Qxf4 13. Bxf4 Nc6 14. Nb5 Kd7 15. Bxf7 Rg7 16. Bd5 a6 17. Bxc6+ bxc6 18. Nc3 h5 19. Ke3 h4 20. Rag1 a5
21. Nd1 Ke8 22. Ne1 Be7 23. Nf3 Ng4+ 24. Kd2 Rf7 25. Bg5 Nf2 26. Nxf2 Bxg5+ 27. Nxg5 Rxf2+ 28. Kc1 Rf4 29. Rf1 Rg4 30. Nh7 Ke7
31. Nf6 Rg6 32. e5 dxe5 33. dxe5 Ba6 34. Rf4 Ke6 35. Rhxh4 Kxe5 36. Nd7+ Kd6 37. Nf8 Rg8 38. Nh7
1-0

[Event "Recordando los clásicos"]
[Site "SchemingMind.com"]
[Date "2008.12.10"]
[Round "-"]
[White "TONYTODD11"]
[Black "janez"]
[Result "1-0"]
[WhiteCountry "ENG"]
[BlackCountry "SLO"]
[WhiteElo "1542"]
[WhiteRD "70"]
[BlackElo "1636"]
[BlackRD "74"]
[GameID "182237"]

1. e4 e5 2. f4 exf4 3. Nf3 Nf6 4. Nc3 b6 5. d4 Bb7 6. d5 c6 7. d6 c5 8. e5 Nd5 9. Nxd5 Na6 10. Bxa6 Qc8
11. Nc7+ Kd8 12. Ng5 Qxc7 13. dxc7+ Kxc7 14. Bxb7 Re8 15. Qd5 f6 16. e6 Kb8 17. Ba8 Kc7 18. Qxd7+ Kb8 19. Qb7#
1-0

[Event "Recordando los clásicos"]
[Site "SchemingMind.com"]
[Date "2008.12.09"]
[Round "-"]
[White "fouche"]
[Black "janez"]
[Result "0-1"]
[WhiteCountry "COL"]
[BlackCountry "SLO"]
[WhiteElo "1525"]
[WhiteRD "51"]
[BlackElo "1636"]
[BlackRD "74"]
[GameID "182238"]

1. e4 e5 2. f4 exf4 3. Bc4 Qh4+ 4. Kf1 Bc5 5. d4 Bb6 6. Nf3 Qg4 7. Nc3 Nc6 8. d5 Nd4 9. Bd2 Nxf3 10. Qxf3 Qxf3+
11. gxf3 g5 12. Ke2 d6 13. h4 f6 14. hxg5 fxg5 15. Na4 Bd4 16. c3 Bf6 17. Bd3 Bd7 18. b3 b5 19. Nb2 a5 20. Rag1 b4
21. Rc1 h5 22. Nc4 h4 23. cxb4 axb4 24. Rc2 Bc3 25. Bxc3 bxc3 26. a4 Nf6 27. Rxc3 g4 28. fxg4 Bxg4+ 29. Kf2 O-O-O 30. Rhc1 c5
31. dxc6 h3 32. Kg1 Bf3 33. Nb6+ Kc7 34. Nd5+ Nxd5 35. exd5 h2+
0-1

[Event "Recordando los clásicos"]
[Site "SchemingMind.com"]
[Date "2008.12.08"]
[Round "-"]
[White "slotheman"]
[Black "janez"]
[Result "1-0"]
[WhiteCountry "USA"]
[BlackCountry "SLO"]
[WhiteElo "1674"]
[WhiteRD "78"]
[BlackElo "1595"]
[BlackRD "71"]
[GameID "182239"]

1. e4 e5 2. f4 exf4 3. Bc4 Qh4+ 4. Kf1 Bc5 5. d4 Bb6 6. Nf3 Qg4 7. Bxf7+ Kf8 8. h3 Qg3 9. Bh5 Nf6 10. Bg4 Nxg4
11. hxg4 Qxg4 12. Rh4 Qe6 13. Rxf4+ Ke8 14. b3 d6 15. Bb2 Qh6 16. Rh4 Qg6 17. Qd3 c6 18. Nc3 Bd8 19. Rh1 Rf8 20. Re1 b6
21. Re2 Bg4 22. Ke1 Nd7 23. e5 Qxd3 24. cxd3 dxe5 25. dxe5 h5 26. d4 g6 27. d5 cxd5 28. Nxd5 Rc8 29. e6 Nc5 30. Re3 Nxe6
31. Ne5 Bf5 32. Ba3 Rg8 33. g4 hxg4 34. Rh7 Rc2 35. Be7 Bxe7 36. Rxe7+ Kd8 37. Rd7+ Ke8 38. Rc3 Rxc3 39. Nxc3 Rg7 40. Rd6
1-0

[Event "Recordando los clásicos"]
[Site "SchemingMind.com"]
[Date "2008.12.07"]
[Round "-"]
[White "aadaam"]
[Black "janez"]
[Result "1-0"]
[WhiteCountry "INT"]
[BlackCountry "SLO"]
[WhiteElo "1753"]
[WhiteRD "46"]
[BlackElo "1636"]
[BlackRD "74"]
[GameID "182240"]

1. e4 e5 2. f4 exf4 3. Nf3 g5 4. d4 d6 5. Bc4 h6 6. Nc3 Bg7 7. g3 fxg3 8. hxg3 Bg4 9. O-O a6 10. Bxf7+ Kxf7
11. Ne5+ Ke8 12. Nxg4 Nd7 13. Qf3 Ngf6 14. Nd5 Rf8 15. Ngxf6+ Nxf6 16. Nxf6+ Bxf6 17. Qh5+ Kd7 18. e5 dxe5 19. dxe5 Bxe5 20. Rd1+ Bd6
21. Qxh6 Rg8 22. c4 Kc8 23. Be3 Qe7 24. Bf2 b6 25. Re1 Qd8 26. Rad1 Rh8 27. Qe6+ Kb7 28. b4 Re8 29. Qd5+ Ka7 30. Rxe8 Qxe8
31. c5 bxc5 32. bxc5 Be7 33. c6+ Kb8 34. Qb3+ Kc8 35. Qb7#
1-0